000 00697nam a22002057a 4500
003 0
005 20240809150256.0
008 240809b xxu||||| |||| 00| 0 eng d
020 _a978-1-5297-9388-8
050 _aRT 90.3
_b.L56 2023
100 _aLinsley, Paul
245 _aHealth promotion for nursing students
_cPaul Linsley
250 _aSecond edition
260 _aLondon
_bLearning Matters
_c2023
300 _avi, 215 pages :
_bcolored iluustrations and pictures ;
_c24cm.
504 _aIncludes bibliographical references, index, and glossary.
650 _aNursing students--health & hygiene.
650 _aNursing students--health & hygiene--case studies.
942 _2lcc
_cBK
999 _c366076
_d366076